000 00544nam a22002057a 4500
005 20180823124028.0
008 180823b xxu||||| |||| 00| 0 eng d
010 _aA-762400
020 _c0.00
_a0340621125
035 _aA-762400
037 _bBPPD/PUB
040 _adpl
_bEnglish
082 _a100
100 _aThompson, Mel
245 _aPhilosophy /
_cby Mel Thompson
260 _aLondon
_bHodder and Stoughton
_c1995
300 _a192p.
_c20cm(Hb)
500 _aIncludes Index
942 _2ddc
_cEN
_mTHO
_h100
999 _c156189
_d156189